Alle Pokemon mit "M" - Statistiken

Allgemein
  • Dieses Quiz wurde 509 mal gespielt
    302 seit der letzten Aktualisierung
  • Das Durchschnittsergebnis liegt bei 48 aus 90
Antwortstatistiken
Hint Antwort % Korrekt
Kanto (12) 151 Mew
90%
Kanto (12) 150 Mewtu
90%
Kanto (12) 067 Maschock
88%
Kanto (12) 066 Machollo
87%
Kanto (12) 068 Machomei
87%
Kanto (12) 064 Magmar
83%
Kanto (12) 082 Magneton
83%
Kanto (12) 081 Magnetilo
82%
Kanto (12) 052 Mauzi
81%
Johto (8) 240 Magby
79%
Sinnoh (8) 462 Magnezone
78%
Kanto (12) 043 Myrapla
78%
Sinnoh (8) 467 Magbrant
77%
Kanto (12) 090 Muschas
74%
Johto (8) 226 Mantax
73%
Kanto (12) 056 Menki
73%
Johto (8) 154 Meganie
70%
Sinnoh (8) 458 Mantirps
69%
Johto (8) 185 Mogelbaum
67%
Alola (17) 778 Mimigma
65%
Sinnoh (8) 473 Mamutel
64%
Johto (8) 241 Miltank
63%
Hoenn (11) 259 Moorabbel
63%
Sinnoh (8) 438 Mobai
62%
Hoenn (11) 288 Muntier
61%
Alola (17) 809 Melmetal
56%
Sinnoh (8) 490 Manaphy
55%
Johto (8) 183 Marill
55%
Alola (17) 808 Meltan
55%
Hoenn (11) 376 Metagross
55%
Johto (8) 219 Magcargo
54%
Hoenn (11) 296 Makuhita
53%
Hoenn (11) 375 Metang
53%
Alola (17) 782 Miniras
53%
Einall (14) 578 Mitodos
52%
Hoenn (11) 262 Magnayen
51%
Alola (17) 794 Masskito
51%
Hoenn (11) 308 Meditalis
51%
Hoenn (11) 307 Meditie
51%
Paldea (8) 1008 Miraidon
51%
Einall (14) 574 Mollimorba
51%
Einall (14) 577 Monozyto
51%
Einall (14) 648 Meloetta
49%
Sinnoh (8) 446 Mampfaxo
48%
Paldea (8) 908 Maskagato
48%
Hoenn (11) 296 Maskeregen
48%
Galar (8) 863 Mauzinger
48%
Alola (17) 783 Mediras
48%
Einall (14) 610 Milza
48%
Johto (8) 195 Morlord
48%
Einall (14) 612 Maxax
47%
Einall (14) 576 Morbitesse
47%
Sinnoh (8) 414 Moterpel
47%
Galar (8) 816 Memmeon
46%
Alola (17) 726 Miezunder
46%
Alola (17) 781 Moruda
46%
Alola (17) 805 Muramura
46%
Alola (17) 801 Magearna
45%
Alola (17) 802 Marshadow
45%
Hoenn (11) 350 Milotic
45%
Alola (17) 757 Molunk
45%
Einall (14) 594 Mamolida
44%
Alola (17) 734 Mangunior
44%
Alola (17) 735 Manguspektor
44%
Alola (17) 729 Marikeck
44%
Einall (14) 534 Meistagrif
44%
Hoenn (11) 312 Minun
44%
Galar (8) 821 Meikro
42%
Einall (14) 562 Makabaja
41%
Alola (17) 736 Mabula
40%
Alola (17) 774 Meteno
40%
Paldea (8) 1000 Monetigo
39%
Hisui (1) 904 Myriador
39%
Alola (17) 754 Mantidea
38%
Galar (8) 826 Maritellit
38%
Einall (14) 536 Mebrana
38%
Kalos (2) 697 Monargoras
38%
Einall (14) 542 Matrifol
37%
Galar (8) 877 Morpeko
37%
Einall (14) 556 Maracamba
36%
Kalos (2) 672 Mähikel
35%
Paldea (8) 943 Mastifioso
35%
Einall (14) 606 Megalon
35%
Paldea (8) 919 Micrick
35%
Paldea (8) 942 Mobtiff
34%
Galar (8) 839 Montecarbo
31%
Paldea (8) 967 Mopex
31%
Galar (8) 855 Mortipot
29%
Paldea (8) 1012 Mortcha
28%
Galar (8) 873 Mottineva
28%
Keine übereinstimmenden Quizze gefunden
Verteilung der Resultate
Anzahl Personen mit jedem Resultat
Perzentil nach korrekt beantworteten Fragen
Ihre Resultats-Entwicklung
Sie haben dieses Quiz seit der letzten Aktualisierung nicht gespielt